Villes de Croatie - Mort subite - Statistiques

Statistiques générales
  • Ce quiz a été pris 211 fois
  • Le résultat moyen est 8 sur 15
Answers on the Grid
Answers color-coded by a green-red scale on the quiz's grid according to % correct below.
Zagreb
Split
Rijeka
Osijek
Zadar
Slavonski Brod
Velika Gorica
Pula
Karlovac
Sisak
Šibenik
Varaždin
Dubrovnik
Bjelovar
Krk
Ljubljana
Sarajevo
Tirana
Mostar
Iași
La Valette
Žrk
Niš
Cherbourg-en-Cotentin
 
Statistiques - réponses
Réponse % Correct
Zagreb
90%
Split
89%
Dubrovnik
84%
Zadar
72%
Rijeka
70%
Osijek
55%
Pula
52%
Krk
51%
Šibenik
46%
Karlovac
38%
Varaždin
31%
Velika Gorica
27%
Bjelovar
25%
Slavonski Brod
24%
Sisak
23%
Aucun quiz correspondant
Distribution des résultats
% des personnes avec chaque résultat
Percentile par nombre de réponses
Votre historique - résultats
Vous n’avez pas pris ce quiz